000 00573nam a2200229Ia 4500
003 OSt
005 20221005070213.0
006 a|||||r|||| 00| 0
007 ta
008 221004b |||||||| |||| 00| 0 kan d
024 _a60505
037 _cTextual
040 _aCRL
_cCRL
_bkan
041 _2kan
_akan
082 _aO33,1M70w, L0
100 _aNayak
245 0 _aMuddana
260 _aMysore
_bInstitute of Kannada India
_c1970
650 _aKANNAD LITERATURE
942 _hO33,1M70w, L0
_cTEXL
_2cc
999 _c975856
_d975856